000 00257pam a2200133 a 4500
020 _c
041 _h
100 _aKishore Vanguri
245 _aEnvironmental Laws of India - a guide
260 _c1994
300 _a32
653 _aLaw
930 _a927
999 _c246780
_d246780